| 000 | 00827nam a2200229Ia 4500 | ||
|---|---|---|---|
| 003 | GCL | ||
| 008 | 140319s9999 xx 000 0 ara d | ||
| 040 |
_aGCL / _cGCL |
||
| 082 | 0 | 4 |
_aد _b050 _bد هـ |
| 245 | 1 | 0 | _aفوضى الواقع الثقافى ( الهلال اغسطس 2003 ) |
| 260 |
_aالقاهرة : _bدار الهلال للطباعة والنشر ، _c2003 |
||
| 650 | 0 | 4 | _aامين الخولى |
| 650 | 0 | 4 | _aزكى نجيب محمود |
| 650 | 0 | 4 | _aمصر - الاحوال الثقافية |
| 650 | 0 | 4 | _aمحى الدين بن العربى |
| 650 | 0 | 4 | _aالصين - الاحوال الاجتماعية |
| 650 | 0 | 4 | _aالعالم العربى - الاحوال السياسية |
| 650 | 0 | 4 | _aمصر - الاثار |
| 650 | 0 | 4 | _aادم علية السلام |
| 650 | 0 | 4 | _aبيدبا |
| 942 |
_2ddc _cCR |
||
| 999 |
_c6723 _d6723 |
||